00315nam a2200121Ia 4500008004100000041001200041082001100053100001700064245007500081260000600156650000600162700002500168221030s9999 xx 000 0 und d aEnglish a105.23 aS Domkundwar 2aA Course in Thermal Engineeringcby S Domkundwar, C. P. Kothandaraman c0 aB aC. P. Kothandaraman